000 01002cas a2200277 a 4500
005 20170526142904.0
008 981104c19929999ja ar0 f0 0jpn d
022 _a0918-5828
_y0287-5136
040 _aIdU
_cNTD
_dOCL
_dOCLCQ
_dAGL
_dOCLCQ
_dCO-BoIAVH
041 _beng
_feng
_aeng
043 _aa-ja---
044 _aja
090 _aSE
245 0 0 _aRinboku Ikushu Sentā kenkyū hokokū
246 3 0 _aKenkyū hokokū
246 1 5 _aBulletin of the Forest Tree Breeding Center
246 1 5 _aBulletin of the Forest Tree Breeding Institute
260 _aIbaraki-ken Taga-gun :
_bRinboku Ikushu Sentā,
_c1992-.
300 _bilustraciones ;
_c26-30 cm.
310 _az
546 _aTablas de contenido y resúmenes en inglés.
650 2 6 _aRecursos forestales
_xGenética vegetal
_zJapón
_vPublicaciones periódicas
710 2 _aRinboku Ikushu Sentā (Japón)
780 0 0 _tRinboku Ikushujō kenkyū hokokū
_x0287-5136
_w(DLC)sn 86029815
_w(OCoLC)13763626
942 _2z
_cREVISTA
999 _c16786
_d16786